[Event "Seniorien SM S50 2021 Sastamala"]
[Site "?"]
[Date "2021.07.20"]
[Round "2"]
[White "Hamalainen, Sami"]
[Black "Lammi, Jyri"]
[Result "1/2-1/2"]
[WhiteElo "2196"]
[BlackElo "2100"]
[PlyCount "66"]
[EventDate "2021.??.??"]
[SourceDate "2021.11.06"]
[SourceVersionDate "2021.11.06"]

1. e4 c6 2. d4 d5 3. Nd2 dxe4 4. Nxe4 Nd7 5. Nf3 Ngf6 6. Nc3 e6 7. g3 Nb6 8.
Bg2 Nbd5 9. O-O Be7 10. Re1 O-O 11. Qe2 Re8 12. Bd2 Bd7 13. Rad1 Qc7 14. Ne5
Rad8 15. Nxd7 Qxd7 16. a3 Qc7 17. Na4 Nb6 18. Ba5 Nfd7 19. b4 Qb8 20. Nc5 Rc8
21. c4 Nf8 22. Bxb6 axb6 23. Ne4 Qa8 24. Rd3 Nd7 25. Qd2 Nf6 26. d5 exd5 27.
Nxf6+ Bxf6 28. Rxe8+ Rxe8 29. cxd5 c5 30. d6 Bd4 31. d7 Rf8 32. Bd5 Qd8 33.
Bxb7 Qxd7 1/2-1/2

[Event "FIDE World Cup 2021 Venaja"]
[Site "?"]
[Date "2021.07.13"]
[Round "1"]
[White "Sklyarov, Dmitri"]
[Black "Durarbayli, Vasif"]
[Result "0-1"]
[WhiteElo "2480"]
[BlackElo "2625"]
[PlyCount "72"]
[EventDate "2021.07.12"]
[SourceDate "2021.11.06"]
[SourceVersionDate "2021.11.06"]

1. d4 d5 2. Nf3 Nf6 3. Bf4 c5 4. e3 Nc6 5. Nbd2 Qb6 6. dxc5 Qxb2 7. Rb1 Qc3 8.
Bb5 e6 9. O-O Be7 10. Nb3 O-O 11. Bxc6 bxc6 12. Be5 Qc4 13. Qd4 Ba6 14. Rfc1
Rfc8 15. Nfd2 Qxd4 16. exd4 Nd7 17. Bg3 f6 18. Re1 Kf7 19. Na5 e5 20. c3 g5 21.
h4 h6 22. hxg5 hxg5 23. Nf1 Kg6 24. Ne3 f5 25. Nxc6 Rxc6 26. Nxd5 Bf8 27. Bxe5
Bc4 28. Rb7 Nxc5 29. Ne7+ Bxe7 30. Rxe7 Nd3 31. Rb1 Nxe5 32. dxe5 Bxa2 33. Rbb7
f4 34. Rg7+ Kf5 35. Rxa7 Rxa7 36. Rxa7 Be6 0-1

[Event "Nuorten SM 2021 U18-20 Kurikka"]
[Site "?"]
[Date "2021.08.06"]
[Round "4"]
[White "Aalto, Patrik"]
[Black "Wartiovaara, Oliver"]
[Result "0-1"]
[WhiteElo "2096"]
[BlackElo "2242"]
[PlyCount "114"]
[EventDate "2021.08.19"]
[SourceDate "2021.11.06"]
[SourceVersionDate "2021.11.06"]

1. d4 Nf6 2. c4 g6 3. Nc3 d5 4. Nf3 Bg7 5. Qb3 dxc4 6. Qxc4 O-O 7. e4 a6 8. Be2
b5 9. Qb3 Bb7 10. d5 c6 11. dxc6 Nxc6 12. O-O e6 13. Rd1 Qc7 14. a3 Na5 15. Qb4
Rfd8 16. e5 Rxd1+ 17. Bxd1 Nc6 18. Qh4 Nxe5 19. Bf4 Nxf3+ 20. Bxf3 Qc8 21. Bxb7
Qxb7 22. Be5 Nd5 23. Bxg7 Kxg7 24. Qd4+ Kg8 25. Ne4 Qc7 26. Rd1 Rc8 27. g3 Qe7
28. Qe5 f6 29. Qd4 Rc4 30. Qd3 Qc7 31. h4 Rc1 32. Nc3 Rxd1+ 33. Qxd1 Qc4 34. h5
g5 35. h6 Kf7 36. Qb1 f5 37. Qe1 Nxc3 38. Qe5 Qd4 39. Qc7+ Kg6 40. bxc3 Qd1+
41. Kg2 Kxh6 42. Qb6 Qd5+ 43. Kg1 Kh5 44. Qxa6 Kg4 45. Qa7 h5 46. Qe3 Qf3 47.
Qe1 h4 48. Kh2 e5 49. gxh4 Kxh4 50. Kg1 e4 51. Qf1 e3 52. fxe3 Qxe3+ 53. Qf2+
Qxf2+ 54. Kxf2 Kh3 55. c4 bxc4 56. a4 c3 57. Ke2 g4 0-1

[Event "TCh-RUS Teams Women 2020"]
[Site "?"]
[Date "2020.11.21"]
[Round "3"]
[White "Nazarova, Anastasia"]
[Black "Afonasieva, Anna"]
[Result "0-1"]
[WhiteElo "2190"]
[BlackElo "2316"]
[PlyCount "152"]
[EventDate "2020.11.19"]
[SourceDate "2021.11.06"]
[SourceVersionDate "2021.11.06"]

1. e4 c5 2. Nf3 d6 3. d4 cxd4 4. Nxd4 Nf6 5. f3 a6 6. c4 e6 7. Nc3 Be7 8. Be3
O-O 9. Be2 b6 10. O-O Bb7 11. Qd2 Nbd7 12. Rac1 Rc8 13. a3 Qc7 14. b4 Rfd8 15.
Qe1 Qb8 16. Qf2 Re8 17. Rfd1 Bd8 18. Nb3 Bc7 19. g3 h5 20. Rd2 Qa8 21. Rdc2 Bb8
22. Na4 Rc6 23. Nd4 Rcc8 24. Nb3 d5 25. exd5 exd5 26. c5 b5 27. Na5 Ba7 28. Nb6
Bxb6 29. cxb6 Rc4 30. Bxc4 dxc4 31. Nxb7 Qxb7 32. Bd4 Ne5 33. Bxe5 Rxe5 34. Rd1
Re6 35. Rcd2 Rxb6 36. Rd8+ Kh7 37. R1d6 Rc6 38. Qc2+ g6 39. Kg2 Rxd6 40. Rxd6
Qe7 41. Rc6 h4 42. Rc5 Qe3 43. gxh4 Qxa3 44. h5 Qe3 45. hxg6+ fxg6 46. h4 Kh6
47. Qb2 Qf4 48. Rc6 Kg7 49. Qe2 Nd5 50. Qf2 Ne3+ 51. Kg1 Nf5 52. h5 Qg5+ 53.
Qg2 Qxh5 54. Rc7+ Kf6 55. Rc6+ Kf7 56. Qd2 Ne7 57. Rc5 Qxf3 58. Qh6 Qg3+ 59.
Kh1 Nf5 60. Qh7+ Ng7 61. Qh6 Qf3+ 62. Kg1 Qg4+ 63. Kh1 Qe4+ 64. Kh2 Nf5 65.
Rc7+ Kf6 66. Qf8+ Kg5 67. Qd8+ Kf4 68. Rf7 Qe2+ 69. Kg1 Kg4 70. Rxf5 gxf5 71.
Qd4+ Kf3 72. Qd5+ Qe4 73. Qd1+ Kg3 74. Qd6+ Qf4 75. Qg6+ Qg4 76. Qd6+ Kf3+ 0-1

[Event "TCh-RUS Teams Women 2020"]
[Site "?"]
[Date "2020.11.25"]
[Round "6"]
[White "Gubernatorova, Ljudmila"]
[Black "Nazarova, Anastasia"]
[Result "1/2-1/2"]
[WhiteElo "2200"]
[BlackElo "2190"]
[PlyCount "110"]
[EventDate "2020.11.19"]
[SourceDate "2021.11.06"]
[SourceVersionDate "2021.11.06"]

1. d4 d5 2. c4 e6 3. Nc3 Bb4 4. Nf3 dxc4 5. e4 b5 6. a4 c6 7. Be2 Bb7 8. O-O a6
9. Qc2 Nf6 10. e5 Nd5 11. Bd2 Be7 12. Ne4 h6 13. b3 cxb3 14. Qxb3 Nd7 15. Rfc1
O-O 16. Bd3 Qb6 17. a5 Qc7 18. Bb1 Rfd8 19. Qd3 Nf8 20. Nc5 Bxc5 21. dxc5 Ne7
22. Qe4 Neg6 23. h4 Nxe5 24. Bf4 Nxf3+ 25. Qxf3 e5 26. Bxh6 gxh6 27. Qg4+ Kh8
28. Qh5 f5 29. Bxf5 Qg7 30. Ra3 Bc8 31. Rg3 Qf6 32. Bg6 Qf4 33. Re1 Ra7 34.
Ree3 Rg7 35. Ref3 Qc1+ 36. Kh2 Nxg6 37. Rxg6 Rxg6 38. Qxg6 Rg8 39. Qf6+ Kh7 40.
Qxe5 Qc4 41. Qc7+ Kh8 42. Rf7 Qxh4+ 43. Kg1 Qe4 44. f3 Qb1+ 45. Kh2 Qg6 46.
Qe5+ Rg7 47. Qe8+ Rg8 48. Qe5+ Rg7 49. Qe8+ Kh7 50. Rxg7+ Qxg7 51. Qxc8 Qe5+
52. Kh3 Qh5+ 53. Kg3 Qg5+ 54. Kh3 Qh5+ 55. Kg3 Qg5+ 1/2-1/2

[Event "TCh-RUS Teams Women 2020"]
[Site "?"]
[Date "2020.11.26"]
[Round "7"]
[White "Nazarova, Anastasia"]
[Black "Kovalevskaya, Jekaterina"]
[Result "1/2-1/2"]
[WhiteElo "2190"]
[BlackElo "2386"]
[PlyCount "69"]
[EventDate "2020.11.19"]
[SourceDate "2021.11.06"]
[SourceVersionDate "2021.11.06"]

1. e4 e5 2. Nf3 Nc6 3. Bb5 a6 4. Ba4 Nf6 5. d3 Bc5 6. c3 d6 7. O-O Ba7 8. Nbd2
O-O 9. Re1 Ne7 10. Nf1 Ng6 11. h3 h6 12. Ng3 c5 13. Bc2 b5 14. d4 Qc7 15. d5 c4
16. Nh2 a5 17. Ng4 Nxg4 18. hxg4 Nf4 19. Qf3 Qd7 20. Bxf4 exf4 21. Nf5 g6 22.
Nxh6+ Kg7 23. g5 f6 24. Nf5+ gxf5 25. exf5 Kg8 26. Re6 Qg7 27. gxf6 Rxf6 28.
Re8+ Rf8 29. f6 Qxf6 30. Qh5 Rxe8 31. Qxe8+ Qf8 32. Qg6+ Qg7 33. Qe8+ Qf8 34.
Qg6+ Qg7 35. Qe8+ 1/2-1/2

[Event "TCh-RUS Teams Women 2020"]
[Site "?"]
[Date "2020.11.27"]
[Round "8"]
[White "Nazarova, Anastasia"]
[Black "Ovod, Jevgenija"]
[Result "1/2-1/2"]
[WhiteElo "2190"]
[BlackElo "2338"]
[PlyCount "144"]
[EventDate "2020.11.19"]
[SourceDate "2021.11.06"]
[SourceVersionDate "2021.11.06"]

1. e4 e5 2. Nf3 Nc6 3. Bb5 Nf6 4. O-O d6 5. Re1 Bd7 6. c3 Be7 7. d4 O-O 8. Na3
Re8 9. h3 h6 10. Bd3 Bf8 11. Nc2 a5 12. d5 Ne7 13. Nh2 Ng6 14. Qf3 Nh7 15. Ng4
h5 16. Nh2 h4 17. Ng4 Be7 18. Qd1 Bg5 19. Nce3 Nf4 20. Bc2 g6 21. Nf1 f5 22.
Ngh2 Qf6 23. exf5 gxf5 24. Bxf4 Bxf4 25. Qh5 e4 26. f3 Re5 27. fxe4 fxe4 28.
Qe2 Rae8 29. Ne3 Qg5 30. Kh1 Kh8 31. Nhg4 Bxg4 32. Nxg4 Rxd5 33. Rad1 Rxd1 34.
Qxd1 d5 35. Qd4+ Kg8 36. c4 Bg3 37. Rf1 Rf8 38. Rxf8+ Kxf8 39. Qh8+ Qg8 40.
Qxg8+ Kxg8 41. cxd5 Ng5 42. Nf6+ Kf7 43. Nxe4 Nxe4 44. Bxe4 Bf2 45. a4 Kf6 46.
b3 Ke5 47. Bf3 b6 48. g4 hxg3 49. Kg2 Kd4 50. h4 Kc3 51. Bd1 Kd2 52. Bf3 Kc2
53. d6 cxd6 54. Bd5 Kd3 55. h5 Kd4 56. Bg8 Ke4 57. h6 Kf4 58. h7 Bd4 59. Bd5
Be5 60. Bc6 Ke3 61. h8=Q Bxh8 62. Kxg3 Kd4 63. Kf3 d5 64. Ke2 Kc5 65. Bb7 d4
66. Kd3 Kb4 67. Bd5 Bf6 68. Bf7 b5 69. axb5 Kxb5 70. Bg8 Kb4 71. Bf7 a4 72.
bxa4 Kxa4 1/2-1/2

[Event "TCh-RUS Teams Women 2020"]
[Site "?"]
[Date "2020.11.28"]
[Round "9"]
[White "Baiburina, Kamilla"]
[Black "Nazarova, Anastasia"]
[Result "0-1"]
[WhiteElo "1805"]
[BlackElo "2190"]
[PlyCount "124"]
[EventDate "2020.11.19"]
[SourceDate "2021.11.06"]
[SourceVersionDate "2021.11.06"]

1. c4 Nf6 2. g3 e6 3. Bg2 d5 4. Nf3 d4 5. O-O c5 6. b3 Nc6 7. e3 Bd6 8. Bb2 e5
9. d3 O-O 10. Nbd2 dxe3 11. fxe3 Bg4 12. Ne4 Nxe4 13. dxe4 Qe7 14. Qc2 Rad8 15.
a3 Qe6 16. Nh4 Qh6 17. Qf2 g6 18. h3 Be6 19. g4 Na5 20. Nf3 Nxb3 21. Rad1 f6
22. Qe2 Na5 23. Nd2 Bc7 24. Bc3 Nc6 25. Rb1 b6 26. Rbd1 Qg7 27. Nf3 h6 28. Rxd8
Bxd8 29. Rc1 Be7 30. Nd2 Rd8 31. Nb1 Qf7 32. Be1 Bf8 33. Bf1 Ne7 34. Nc3 Nc8
35. Nd5 Nd6 36. Bg2 Bxd5 37. exd5 f5 38. gxf5 gxf5 39. e4 Bg7 40. Bh4 Bf6 41.
Bf2 fxe4 42. Bxe4 Kh8 43. Kh1 Rg8 44. Qf3 Bg5 45. Qxf7 Nxf7 46. Rc3 Nd6 47. Bg2
Bf4 48. Bh4 Bg5 49. Bg3 Re8 50. Bf3 Kg7 51. Kg2 Bf4 52. Bh5 Re7 53. Bh4 Rb7 54.
Kf3 Bd2 55. Rc2 e4+ 56. Ke2 Bg5 57. Bxg5 hxg5 58. Bg4 Kf6 59. Ke3 Ke5 60. Be6
b5 61. cxb5 Rxb5 62. Rc3 c4 0-1

[Event "89th ch-St Petersburg Women 2021"]
[Site "St Petersburg RUS"]
[Date "2021.03.28"]
[Round "4"]
[White "Belenkaya, Dina"]
[Black "Nazarova, Anastasia"]
[Result "1-0"]
[WhiteElo "2293"]
[BlackElo "2184"]
[PlyCount "43"]
[EventDate "2021.03.25"]
[SourceDate "2021.11.06"]
[SourceVersionDate "2021.11.06"]

1. e4 c5 2. Nf3 Nc6 3. Bb5 g6 4. c3 Bg7 5. d4 cxd4 6. cxd4 Qb6 7. Nc3 Nxd4 8.
Nd5 Qa5+ 9. Bd2 Qd8 10. Nxd4 Bxd4 11. Rc1 Kf8 12. Nc7 Rb8 13. Bh6+ Bg7 14.
Bxg7+ Kxg7 15. Qd4+ Nf6 16. Qxa7 d5 17. Qxb8 dxe4 18. O-O Qd4 19. Ne8+ Rxe8 20.
Bxe8 Bg4 21. Bb5 h5 22. Qg3 1-0

[Event "Chelyabinskiy Variant GpA 2021"]
[Site "?"]
[Date "2021.03.23"]
[Round "1"]
[White "Blinkov, Pavel"]
[Black "Majorov, Nikita"]
[Result "0-1"]
[WhiteElo "2286"]
[BlackElo "2495"]
[PlyCount "68"]
[EventDate "2021.03.23"]
[SourceDate "2021.11.06"]
[SourceVersionDate "2021.11.06"]

1. d4 Nf6 2. Nc3 d5 3. Bf4 c5 4. e3 cxd4 5. exd4 a6 6. Qd2 Nc6 7. f3 e6 8. Nge2
Be7 9. g4 b5 10. a3 Bb7 11. Nc1 Na5 12. b3 Nc6 13. b4 O-O 14. N3e2 Nd7 15. Nb3
a5 16. c3 axb4 17. axb4 Rxa1+ 18. Nxa1 e5 19. Be3 Nb6 20. Ng3 exd4 21. Bxd4
Nxd4 22. cxd4 Nc4 23. Qc3 Bg5 24. Bxc4 dxc4 25. Nc2 Bf4 26. O-O g6 27. Rf2 Qh4
28. Nf1 f5 29. Qe1 fxg4 30. Qe6+ Kg7 31. Qxg4 Qe7 32. Qg2 Rf5 33. Re2 Qd8 34.
Ng3 Bxg3 0-1

[Event "Chelyabinskiy Variant GpA 2021"]
[Site "?"]
[Date "2021.03.24"]
[Round "2"]
[White "Popovich, Alexey"]
[Black "Blinkov, Pavel"]
[Result "0-1"]
[WhiteElo "2102"]
[BlackElo "2286"]
[PlyCount "110"]
[EventDate "2021.03.23"]
[SourceDate "2021.11.06"]
[SourceVersionDate "2021.11.06"]

1. e4 c6 2. d4 d5 3. exd5 cxd5 4. Bd3 Nc6 5. c3 g6 6. Bf4 Bg7 7. Nf3 Nh6 8. Qd2
Nf5 9. Ne5 f6 10. Nxc6 bxc6 11. O-O O-O 12. Re1 Re8 13. Na3 e5 14. Bxf5 Bxf5
15. Be3 a5 16. c4 Bf8 17. Rec1 Rb8 18. cxd5 cxd5 19. Nb1 a4 20. Nc3 Rb4 21. Rd1
e4 22. Rab1 Qd7 23. b3 axb3 24. axb3 Qb7 25. Na4 Rd8 26. Qc3 Rb8 27. Nc5 Qc6
28. Rb2 R4b6 29. Rc1 g5 30. b4 Be6 31. Ra1 Bf7 32. Ra7 Ra8 33. b5 Qc8 34. Rxa8
Qxa8 35. Nd7 Rb7 36. Qc6 Qa1+ 37. Bc1 Rxd7 38. b6 Rb7 39. h3 Kg7 40. Kh2 Qa8
41. Bd2 Be8 42. Qxd5 Qb8+ 43. g3 Rxb6 44. Rxb6 Qxb6 45. Qxe4 Bc6 46. Qe6 Qb5
47. h4 h6 48. hxg5 hxg5 49. f4 gxf4 50. gxf4 Qh5+ 51. Kg3 Qf3+ 52. Kh4 Qf2+ 53.
Kg4 Bf3+ 54. Kf5 Qxd4 55. Qb3 Qe4# 0-1

[Event "Chelyabinskiy Variant GpA 2021"]
[Site "?"]
[Date "2021.03.25"]
[Round "3"]
[White "Blinkov, Pavel"]
[Black "Gleizerov, Jevgeni"]
[Result "0-1"]
[WhiteElo "2286"]
[BlackElo "2468"]
[PlyCount "62"]
[EventDate "2021.03.23"]
[SourceDate "2021.11.06"]
[SourceVersionDate "2021.11.06"]

1. e4 e6 2. d4 d5 3. Bd3 c5 4. exd5 exd5 5. c3 Nf6 6. Nf3 Be7 7. dxc5 Bxc5 8.
Qe2+ Be7 9. O-O O-O 10. h3 Nc6 11. Nbd2 Re8 12. Nb3 Bc5 13. Qc2 Bb6 14. Rd1 Qc7
15. Nbd4 a6 16. Be3 Bd7 17. Re1 h6 18. Rad1 Qd6 19. Bf5 Bc7 20. Bxd7 Qxd7 21.
c4 Ba5 22. Rf1 Rac8 23. Nb3 Bb4 24. Qb1 Qe6 25. cxd5 Nxd5 26. Bc5 Nf4 27. Rd6
Qc4 28. Bxb4 Nxb4 29. Rd7 Re6 30. Kh2 Rg6 31. Nh4 Qc6 0-1

[Event "Chelyabinskiy Variant GpA 2021"]
[Site "?"]
[Date "2021.03.26"]
[Round "4"]
[White "Safin, Timur"]
[Black "Blinkov, Pavel"]
[Result "1/2-1/2"]
[WhiteElo "2154"]
[BlackElo "2286"]
[PlyCount "67"]
[EventDate "2021.03.23"]
[SourceDate "2021.11.06"]
[SourceVersionDate "2021.11.06"]

1. e4 c6 2. d4 d5 3. exd5 cxd5 4. c4 Nf6 5. Nc3 Nc6 6. cxd5 Nxd5 7. Bc4 e6 8.
Nf3 Be7 9. O-O O-O 10. Re1 a6 11. a3 b5 12. Nxd5 bxc4 13. Nxe7+ Nxe7 14. Qc2
Bb7 15. Qxc4 Bxf3 16. gxf3 Nf5 17. Rd1 Qh4 18. Qd3 Rad8 19. Qe4 Nxd4 20. Be3 f5
21. Qxh4 Nxf3+ 22. Kf1 Nxh4 23. Rxd8 Rxd8 24. Rc1 Kf7 25. Bg5 Rd4 26. Rc7+ Kg6
27. Bxh4 Rxh4 28. Rc6 Kf6 29. Rxa6 Rxh2 30. b4 Rh1+ 31. Kg2 Rb1 32. Rb6 Ra1 33.
Ra6 Rb1 34. Rb6 1/2-1/2

[Event "Chelyabinskiy Variant GpA 2021"]
[Site "?"]
[Date "2021.03.27"]
[Round "5"]
[White "Blinkov, Pavel"]
[Black "Doroshenko, Diana"]
[Result "0-1"]
[WhiteElo "2286"]
[BlackElo "2162"]
[PlyCount "98"]
[EventDate "2021.03.23"]
[SourceDate "2021.11.06"]
[SourceVersionDate "2021.11.06"]

1. d4 d5 2. Bf4 Nf6 3. e3 e6 4. Nd2 c5 5. c3 Nc6 6. Ngf3 Bd6 7. Bg3 O-O 8. Bb5
Ne7 9. Bd3 b6 10. e4 dxe4 11. Nxe4 Nxe4 12. Bxe4 Nd5 13. Bxd6 Qxd6 14. dxc5
Qxc5 15. Qd4 Ba6 16. Bxd5 exd5 17. O-O-O Bc4 18. Qxc5 bxc5 19. b3 Be2 20. Rxd5
Rac8 21. Re1 Bxf3 22. gxf3 Rc6 23. Re7 a6 24. Red7 Rh6 25. Rxc5 Rxh2 26. Rd2 h5
27. c4 h4 28. Rg5 h3 29. b4 g6 30. c5 Rh1+ 31. Kb2 h2 32. Rg3 Rb1+ 33. Kxb1
h1=Q+ 34. Kb2 Rb8 35. a3 a5 36. Rg4 Qxf3 37. Rgd4 Kg7 38. Rc4 axb4 39. axb4 Ra8
40. Rc3 Qf4 41. Rdc2 Qxb4+ 42. Kc1 Ra1+ 43. Kd2 Qd4+ 44. Ke2 Qe4+ 45. Kd2 Qe1+
46. Kd3 Rd1+ 47. Kc4 Qe6+ 48. Kb5 Rb1+ 49. Ka5 Qc8 0-1

[Event "Chelyabinskiy Variant GpA 2021"]
[Site "?"]
[Date "2021.03.28"]
[Round "6"]
[White "Benderac, Ana"]
[Black "Blinkov, Pavel"]
[Result "1/2-1/2"]
[WhiteElo "2179"]
[BlackElo "2286"]
[PlyCount "26"]
[EventDate "2021.03.23"]
[SourceDate "2021.11.06"]
[SourceVersionDate "2021.11.06"]

1. d4 d5 2. c4 c6 3. Nf3 Nf6 4. e3 e6 5. Nbd2 Bd6 6. Bd3 Nbd7 7. O-O O-O 8. e4
e5 9. cxd5 cxd5 10. exd5 exd4 11. Nc4 Nb6 12. Nxd6 Qxd6 13. Nxd4 Qxd5 1/2-1/2

[Event "Chelyabinskiy Variant GpA 2021"]
[Site "?"]
[Date "2021.03.28"]
[Round "7"]
[White "Blinkov, Pavel"]
[Black "Doluhanova, Jevgenija"]
[Result "1-0"]
[WhiteElo "2286"]
[BlackElo "2212"]
[PlyCount "63"]
[EventDate "2021.03.23"]
[SourceDate "2021.11.06"]
[SourceVersionDate "2021.11.06"]

1. d4 Nf6 2. Bf4 d5 3. e3 e6 4. Nd2 Bd6 5. Bg3 c5 6. c3 Qc7 7. dxc5 Qxc5 8.
Ngf3 O-O 9. Bd3 Nbd7 10. e4 Bxg3 11. hxg3 dxe4 12. Bxe4 Nxe4 13. Nxe4 Qd5 14.
Qxd5 exd5 15. Nd6 Nf6 16. O-O Bg4 17. Nd4 b6 18. f3 Bd7 19. Rfe1 g6 20. Re7 a6
21. a4 Rad8 22. a5 b5 23. Rae1 Kg7 24. Nb7 Rde8 25. Nc5 Bc8 26. Nde6+ Kg8 27.
Nxf8 Kxf8 28. Rxe8+ Nxe8 29. Kf2 Nc7 30. g4 f5 31. g5 Kf7 32. Ke3 1-0

[Event "Chelyabinskiy Variant GpA 2021"]
[Site "?"]
[Date "2021.03.29"]
[Round "8"]
[White "Prudnikova, Svetlana"]
[Black "Blinkov, Pavel"]
[Result "1/2-1/2"]
[WhiteElo "2180"]
[BlackElo "2286"]
[PlyCount "40"]
[EventDate "2021.03.23"]
[SourceDate "2021.11.06"]
[SourceVersionDate "2021.11.06"]

1. Nf3 d5 2. d4 Nf6 3. c4 e6 4. g3 a6 5. Bg2 dxc4 6. O-O Nc6 7. Qd2 Rb8 8. Ne5
Nxe5 9. dxe5 Qxd2 10. Nxd2 c3 11. bxc3 Nd7 12. Nc4 Bc5 13. Rb1 b6 14. Rd1 h6
15. h4 Bb7 16. Bxb7 Rxb7 17. Na5 Rb8 18. Nc6 Rc8 19. Na7 Ra8 20. Nc6 Rc8
1/2-1/2

[Event "Chelyabinskiy Variant GpA 2021"]
[Site "?"]
[Date "2021.03.30"]
[Round "9"]
[White "Blinkov, Pavel"]
[Black "Ulibin, Mihail"]
[Result "0-1"]
[WhiteElo "2286"]
[BlackElo "2462"]
[PlyCount "50"]
[EventDate "2021.03.23"]
[SourceDate "2021.11.06"]
[SourceVersionDate "2021.11.06"]

1. d4 Nf6 2. Bf4 g6 3. Nc3 Bg7 4. e4 c5 5. dxc5 Qa5 6. Qd2 O-O 7. f3 Qxc5 8.
O-O-O Nc6 9. Bh6 Bxh6 10. Qxh6 d5 11. Nxd5 Nxd5 12. Rxd5 Qf2 13. Rd1 Rd8 14.
Ne2 Be6 15. Nc3 Nb4 16. Be2 Nxa2+ 17. Nxa2 Qxe2 18. Nc3 Qxg2 19. Qf4 Rac8 20.
h4 Rxd1+ 21. Rxd1 b5 22. Rd2 Qf1+ 23. Nd1 Qc4 24. h5 Qa4 25. c4 Qxc4+ 0-1

[Event "Chelyabinskiy Variant GpA 2021"]
[Site "?"]
[Date "2021.03.31"]
[Round "10"]
[White "Kurmangaliyeva, Liya"]
[Black "Blinkov, Pavel"]
[Result "0-1"]
[WhiteElo "2186"]
[BlackElo "2286"]
[PlyCount "84"]
[EventDate "2021.03.23"]
[SourceDate "2021.11.06"]
[SourceVersionDate "2021.11.06"]

1. e4 c6 2. d4 d5 3. Nc3 dxe4 4. Nxe4 Nf6 5. Nxf6+ exf6 6. c3 Bd6 7. Bd3 O-O 8.
Qc2 Re8+ 9. Ne2 h5 10. O-O h4 11. h3 Nd7 12. Bd2 Nf8 13. Rae1 Bd7 14. b3 Rc8
15. c4 Bb8 16. Kh1 g5 17. f4 Qc7 18. Bf5 Ne6 19. Bxe6 Bxe6 20. Ng1 g4 21. Be3
Kg7 22. Qf2 Rh8 23. Rd1 Rcd8 24. Bc1 b5 25. d5 cxd5 26. cxb5 Bf5 27. Qd4 Rh6
28. Bb2 gxh3 29. Nxh3 Qd7 30. Kh2 Qxb5 31. Ng5 Rg6 32. Rfe1 Qb6 33. Kh1 Qd6 34.
Nf3 Be4 35. Qe3 Rg3 36. Rf1 h3 37. Rf2 Qe6 38. f5 Qd6 39. Kg1 Rh8 40. Qe2 hxg2
41. Rxg2 Kf8 42. Rf1 Rhg8 0-1

[Event "TCh-RUS Women Teams Final 2021"]
[Site "?"]
[Date "2021.05.01"]
[Round "1"]
[White "Nazarova, Anastasia"]
[Black "Girya, Olga"]
[Result "0-1"]
[WhiteElo "2159"]
[BlackElo "2451"]
[PlyCount "100"]
[EventDate "2021.05.01"]
[SourceDate "2021.11.06"]
[SourceVersionDate "2021.11.06"]

1. d4 Nf6 2. c4 e6 3. Nf3 d5 4. Nc3 Bb4 5. cxd5 exd5 6. Bg5 h6 7. Bh4 O-O 8. e3
Bf5 9. Qb3 Bxc3+ 10. bxc3 Nbd7 11. Be2 c5 12. dxc5 Nxc5 13. Qb4 Rc8 14. O-O Re8
15. Rfd1 g5 16. Bg3 a5 17. Qa3 Nce4 18. c4 h5 19. Qb2 Bg6 20. Be5 g4 21. Nd2
Nd7 22. Bf4 Qb6 23. Qa3 Qc5 24. Qxc5 Ndxc5 25. Nxe4 dxe4 26. Rd5 Nd3 27. Bxd3
exd3 28. c5 Re4 29. f3 gxf3 30. gxf3 Rc4 31. Bd6 Re8 32. e4 Rc2 33. Rxd3 f5 34.
e5 Bf7 35. f4 Bc4 36. Rg3+ Kf7 37. Rb1 Bd5 38. Rg5 Be4 39. Rd1 h4 40. e6+ Rxe6
41. Be5 Rxe5 42. fxe5 Ke6 43. h3 Rxa2 44. Rh5 Kxe5 45. Rxh4 a4 46. Rxe4+ fxe4
47. Rb1 a3 48. Rb3 Ra1+ 49. Kg2 a2 50. Rb2 Rg1+ 0-1

[Event "TCh-RUS Women Teams Final 2021"]
[Site "?"]
[Date "2021.05.09"]
[Round "8"]
[White "Nazarova, Anastasia"]
[Black "Maltsevskaya, Aleksandra"]
[Result "0-1"]
[WhiteElo "2159"]
[BlackElo "2360"]
[PlyCount "132"]
[EventDate "2021.05.01"]
[SourceDate "2021.11.06"]
[SourceVersionDate "2021.11.06"]

1. e4 e5 2. Nf3 Nc6 3. Bb5 a6 4. Ba4 Nf6 5. d3 b5 6. Bb3 Be7 7. O-O O-O 8. Nc3
d6 9. a3 Rb8 10. Nd5 Nxd5 11. Bxd5 Bd7 12. c3 Bf6 13. b4 Ne7 14. Bb3 Ng6 15.
Re1 c5 16. Be3 Qe7 17. h3 Rfc8 18. Qd2 h6 19. Rad1 Be6 20. Qb2 Rb7 21. d4 Bxb3
22. Qxb3 cxd4 23. cxd4 Rbc7 24. dxe5 Nxe5 25. Nd4 Nc4 26. Bc1 Bxd4 27. Rxd4 Qf6
28. Red1 Na5 29. bxa5 Rxc1 30. Rxc1 Rxc1+ 31. Rd1 Qe6 32. Qd3 Rxd1+ 33. Qxd1
Qxe4 34. Qxd6 Qe1+ 35. Kh2 Qxa5 36. Qe7 g6 37. Qe8+ Kg7 38. Qe5+ Kf8 39. Qh8+
Ke7 40. Qe5+ Kd7 41. Qd5+ Kc8 42. Qa8+ Kc7 43. Qa7+ Kc6 44. Qa8+ Kc7 45. Qa7+
Kd8 46. Qa8+ Ke7 47. Qe4+ Kf8 48. Qe3 Qc7+ 49. g3 Kg7 50. h4 h5 51. Qd4+ Kh7
52. Qb4 Qb6 53. Qf4 Kg8 54. Kg1 a5 55. Qe4 b4 56. Qe8+ Kg7 57. Qe5+ Qf6 58.
Qxa5 Qa1+ 59. Kg2 bxa3 60. g4 Qb2 61. gxh5 a2 62. h6+ Kxh6 63. Qg5+ Kg7 64. h5
a1=Q 65. h6+ Kh7 66. Qe7 Qf6 0-1

[Event "TCh-RUS Women Teams Final 2021"]
[Site "?"]
[Date "2021.05.10"]
[Round "9"]
[White "Kosteniuk, Aleksandra"]
[Black "Nazarova, Anastasia"]
[Result "0-1"]
[WhiteElo "2474"]
[BlackElo "2159"]
[PlyCount "90"]
[EventDate "2021.05.01"]
[SourceDate "2021.11.06"]
[SourceVersionDate "2021.11.06"]

1. e4 c5 2. Nf3 d6 3. c3 Nf6 4. Be2 Bd7 5. d3 g6 6. Nbd2 Nc6 7. Nf1 Bg7 8. Ng3
e5 9. h4 h5 10. Bg5 Qb6 11. Qc1 Nd8 12. Bd2 Ng4 13. Qc2 Ne6 14. Ng5 Nf4 15.
Bxf4 exf4 16. Nf1 O-O 17. Nd2 Rae8 18. Qb3 Qc7 19. Ndf3 Bc6 20. Nh3 Bh6 21.
Nfg5 d5 22. O-O-O c4 23. dxc4 dxe4 24. c5 f3 25. gxf3 exf3 26. Bd3 Kg7 27. Kb1
Bxg5 28. hxg5 Re2 29. Qc4 Qe5 30. Rhf1 Rd8 31. Ka1 Be4 32. a4 Bd5 33. Qb4 a5
34. Qb6 Re8 35. Qd6 Bb3 36. Bb5 Re6 37. Qxe5+ R6xe5 38. Rc1 R2e4 39. c4 Rxc5
40. Rc3 Bxc4 41. Rd1 Be2 42. Rxc5 Bxd1 43. Rc7 Bxa4 44. Bc4 Ne5 45. Be6 Kf8 0-1

[Event "We LahS A 2021"]
[Site "?"]
[Date "2021.08.14"]
[Round "1"]
[White "Luukkonen, Tommi"]
[Black "Komulainen, Lauri"]
[Result "1-0"]
[WhiteElo "2327"]
[BlackElo "1977"]
[PlyCount "69"]
[EventDate "2021.??.??"]
[SourceDate "2021.11.06"]
[SourceVersionDate "2021.11.06"]

1. e4 c6 2. d4 d5 3. e5 Bf5 4. Nf3 e6 5. Be2 c5 6. Be3 cxd4 7. Nxd4 Ne7 8. Nd2
Nbc6 9. N2f3 Be4 10. O-O Bxf3 11. Nxf3 Nf5 12. Bf4 Bc5 13. Bd3 Nh4 14. Ng5 g6
15. Qg4 Nf5 16. c4 h5 17. Qf3 O-O 18. cxd5 Ncd4 19. Qh3 Be7 20. Ne4 exd5 21.
Nc3 Ng7 22. Rad1 Nde6 23. Bc1 d4 24. Be4 Ng5 25. Bxg5 Bxg5 26. Nd5 Ne6 27. f4
Be7 28. f5 Ng5 29. Qd3 Nxe4 30. Qxe4 Kh7 31. Nf4 gxf5 32. Qxf5+ Kg8 33. Nxh5
Qb6 34. Nf6+ Bxf6 35. exf6 1-0

[Event "We LahS A 2021"]
[Site "?"]
[Date "2021.08.14"]
[Round "1"]
[White "Kivilahti, Rami"]
[Black "Jarvenpaa, Jari"]
[Result "0-1"]
[WhiteElo "1973"]
[BlackElo "2285"]
[PlyCount "94"]
[EventDate "2021.??.??"]
[SourceDate "2021.11.06"]
[SourceVersionDate "2021.11.06"]

1. d4 Nf6 2. Nf3 d5 3. Bf4 c5 4. c3 e6 5. e3 Nc6 6. Nbd2 Be7 7. h3 Bd6 8. Bxd6
Qxd6 9. Bd3 O-O 10. O-O e5 11. dxe5 Nxe5 12. Nxe5 Qxe5 13. Nf3 Qe7 14. Re1 Bd7
15. Qe2 Rfe8 16. Bb5 Rad8 17. Rad1 a6 18. Bxd7 Qxd7 19. Qc2 Qc6 20. Qf5 g6 21.
Qb1 Rd6 22. Rc1 Ne4 23. Re2 a5 24. Nd2 Ng5 25. h4 Ne6 26. Nf3 b5 27. a3 a4 28.
Rd2 Nc7 29. Rcd1 Rf6 30. Qd3 Re4 31. Qe2 h6 32. g3 Rfe6 33. Ne1 g5 34. h5 Qe8
35. Nd3 Qe7 36. Qf3 Na8 37. Nxc5 Qxc5 38. Rxd5 Qc6 39. Rd8+ Kg7 40. R1d7 Rf6
41. Qd1 Ree6 42. Rd5 Nb6 43. Rd4 Nc4 44. Qc2 Nxe3 45. fxe3 Qf3 46. Qg2 Qxe3+
47. Kh1 Qe1+ 0-1